सांप और सीढी (Record no. 7013)

MARC details
000 -LEADER
fixed length control field 01078 a2200241 4500
005 - DATE AND TIME OF LATEST TRANSACTION
control field 20080912121655.0
008 - FIXED-LENGTH DATA ELEMENTS--GENERAL INFORMATION
fixed length control field 080912t xxu||||| |||| 00| 0 hin d
010 ## - LIBRARY OF CONGRESS CONTROL NUMBER
LC control number HIN-80736
020 ## - INTERNATIONAL STANDARD BOOK NUMBER
International Standard Book Number 8121400236
Terms of availability 120.00
035 ## - SYSTEM CONTROL NUMBER
System control number HN-53082
037 ## - SOURCE OF ACQUISITION
Source of stock number/acquisition D.B.Act / pub
082 ## - DEWEY DECIMAL CLASSIFICATION NUMBER
Classification number
100 ## - MAIN ENTRY--PERSONAL NAME
Personal name शानी
245 ## - TITLE STATEMENT
Title सांप और सीढी
Statement of responsibility, etc शानी
246 ## - VARYING FORM OF TITLE
Title proper/short title Sanp aur Sidhi
Remainder of title by hapi
260 ## - PUBLICATION, DISTRIBUTION, ETC. (IMPRINT)
Place of publication, distribution, etc नयी दिल्ली
Name of publisher, distributor, etc नेशनल पब्लिशिंग हाउस
Date of publication, distribution, etc 2007
270 ## - ADDRESS
Address 2/35 अंसारी रोड,दरियागंज
City जयपुर
Postal code 110002
Fax number 011-23254407
Electronic mail address sales@nationalpublishinghouse.com
300 ## - PHYSICAL DESCRIPTION
Extent 119पृ
Dimensions 22 सेमी (सजिल्द)
650 ## - SUBJECT ADDED ENTRY--TOPICAL TERM
Topical term or geographic name as entry element हिन्दी उपन्यास
650 ## - SUBJECT ADDED ENTRY--TOPICAL TERM
Topical term or geographic name as entry element Hindi Novel
942 ## - ADDED ENTRY ELEMENTS (KOHA)
Institution code [OBSOLETE] dpl
Koha item type Hindi Books
Call number prefix उ / शानीसां
Source of classification or shelving scheme Dewey Decimal Classification
Classification part
Call number suffix शानीसां
Holdings
Withdrawn status Lost status Damaged status Not for loan Home library Current library Date acquired Cost, normal purchase price Total Checkouts Full call number Barcode Date last seen Copy number Uniform Resource Identifier Cost, replacement price Price effective from Koha item type
        D.B.Act.Division D.B.Act.Division 12/09/2008 120.00   उ शानीसां HN-53082 15/09/2008 1 7525 120.00 15/09/2008 Hindi Books

© Delhi Public Library
Hit Counter
free hit counter